| 000 | 00860nam a22002417a 4500 | ||
|---|---|---|---|
| 999 |
_c16438 _d16438 |
||
| 003 | AR-CdUCM | ||
| 008 | 190503b ||||| |||| 00| 0 spa d | ||
| 040 |
_aMUNICIPALIDAD PROVINCIAL DEL CUSCO _cBIBLIOTECA MUNICIPAL DEL CUSCO |
||
| 041 | _hfre | ||
| 082 |
_a951 / _bM42 |
||
| 100 |
_aMende, Tibor _914877 |
||
| 245 | _aChina y su sombra / | ||
| 260 |
_aMadrid : _bCID, _c1961. |
||
| 300 |
_a422 paginas ; _bMapa, _c21 cm. |
||
| 500 | _aTitulo original : La Chine et son ombre | ||
| 505 | _aContenido :Un preludio significativo -- El delirio de la razón -- El atlas de los mil millones de hombros -- El sector decisivo -- Con el agua al cuello... | ||
| 650 |
_aChina _9843 |
||
| 650 |
_aGran muralla _935886 |
||
| 650 |
_aGenerosidad _935887 |
||
| 700 |
_aPares Maicas, Manuel (Traducción) _935888 |
||
| 942 |
_2ddc _cLIBROS |
||
| 945 |
_awnts _d2019-05-3 |
||